[Event "Campeonatos de Espana Universitarios 20"]
[Site "Universidad de Alicante, Spai"]
[Date "2019.04.10"]
[Round "6.7"]
[White "Navarro Lopez-Menchero, Daniel"]
[Black "Gimenez Menchon, Cesar"]
[Result "1/2-1/2"]
[WhiteElo "2301"]
[BlackElo "2249"]
[PlyCount "132"]
[EventDate "2019.??.??"]

1. e4 {[%clk 00:40:09]} 1... c6 {[%clk 00:40:08]} 2. d4 {[%clk 00:40:09]} 2...
d5 {[%clk 00:40:11]  [%emt 00:00:08]} 3. e5 {[%clk 00:40:13]} 3... Bf5 {
[%clk 00:40:13]} 4. Nf3 {[%clk 00:40:10]  [%emt 00:00:08]} 4... e6 {
[%clk 00:39:57]  [%emt 00:00:14]} 5. Be2 {[%clk 00:40:03]  [%emt 00:00:44]}
5... c5 {[%clk 00:39:21]  [%emt 00:00:09]} 6. c4 {
[%clk 00:38:29]  [%emt 00:01:38]} 6... dxc4 {[%clk 00:35:30]  [%emt 00:04:06]}
7. O-O {[%clk 00:36:28]  [%emt 00:01:57]} 7... Nc6 {
[%clk 00:34:23]  [%emt 00:01:13]} 8. dxc5 {[%clk 00:31:14]  [%emt 00:05:19]}
8... Bxc5 {[%clk 00:26:51]  [%emt 00:07:37]} 9. Nc3 {
[%clk 00:27:48]  [%emt 00:03:32]} 9... Nge7 {[%clk 00:21:57]  [%emt 00:04:55]}
10. Qa4 {[%clk 00:26:22]  [%emt 00:01:34]} 10... O-O {
[%clk 00:20:42]  [%emt 00:01:16]} 11. Qxc4 {[%clk 00:26:25]  [%emt 00:00:32]}
11... Bb6 {[%clk 00:20:20]  [%emt 00:00:03]} 12. Bg5 {
[%clk 00:26:27]  [%emt 00:00:07]} 12... h6 {[%clk 00:19:28]  [%emt 00:00:49]}
13. Bh4 {[%clk 00:26:27]  [%emt 00:00:13]} 13... Qb8 {
[%clk 00:19:08]  [%emt 00:00:19]} 14. Rfd1 {[%clk 00:24:42]  [%emt 00:01:50]}
14... Ng6 {[%clk 00:18:23]  [%emt 00:00:51]} 15. Bg3 {
[%clk 00:24:46]  [%emt 00:00:03]} 15... Bc7 {[%clk 00:16:54]  [%emt 00:01:28]}
16. Rd7 {[%clk 00:22:39]  [%emt 00:02:11]} 16... Ngxe5 {
[%clk 00:16:02]  [%emt 00:00:58]} 17. Nxe5 {[%clk 00:22:41]  [%emt 00:00:12]}
17... Bxe5 {[%clk 00:15:57]  [%emt 00:00:08]} 18. Qb5 {
[%clk 00:22:44]  [%emt 00:00:03]} 18... Bxg3 {[%clk 00:15:09]  [%emt 00:00:44]}
19. hxg3 {[%clk 00:22:48]  [%emt 00:00:09]} 19... e5 {
[%clk 00:11:30]  [%emt 00:03:38]} 20. Rxb7 {[%clk 00:22:27]  [%emt 00:00:25]}
20... Qd6 {[%clk 00:11:31]  [%emt 00:00:13]} 21. Qd5 {
[%clk 00:21:01]  [%emt 00:01:42]} 21... Qxd5 {[%clk 00:10:47]  [%emt 00:00:30]}
22. Nxd5 {[%clk 00:21:04]  [%emt 00:00:28]} 22... Rfd8 {
[%clk 00:09:31]  [%emt 00:00:54]} 23. Rd1 {[%clk 00:18:21]  [%emt 00:02:51]}
23... Be4 {[%clk 00:04:51]  [%emt 00:04:42]} 24. Ne7+ {
[%clk 00:17:23]  [%emt 00:01:06]} 24... Kf8 {[%clk 00:04:37]  [%emt 00:00:19]}
25. Nxc6 {[%clk 00:16:41]  [%emt 00:00:47]} 25... Rxd1+ {
[%clk 00:04:20]  [%emt 00:00:22]} 26. Bxd1 {[%clk 00:16:45]  [%emt 00:00:04]}
26... Bxc6 {[%clk 00:04:24]} 27. Rc7 {[%emt 00:00:04]} 27... Bd5 {
[%clk 00:02:50]  [%emt 00:01:32]} 28. b3 {[%clk 00:16:52]  [%emt 00:00:10]}
28... a6 {[%clk 00:01:43]  [%emt 00:01:07]} 29. Be2 {
[%clk 00:16:54]  [%emt 00:00:04]} 29... f6 {[%clk 00:01:03]  [%emt 00:00:40]}
30. f3 {[%clk 00:15:55]  [%emt 00:01:04]} 30... a5 {
[%clk 00:01:00]  [%emt 00:00:11]} 31. Bb5 {[%clk 00:15:52]  [%emt 00:00:09]}
31... Be6 {[%clk 00:00:47]  [%emt 00:00:50]} 32. Bd3 {
[%clk 00:15:25]  [%emt 00:00:03]} 32... a4 {[%clk 00:00:26]  [%emt 00:00:19]}
33. Bc4 {[%clk 00:14:57]  [%emt 00:00:33]} 33... Bxc4 {
[%clk 00:00:25]  [%emt 00:00:11]} 34. bxc4 {[%clk 00:14:59]  [%emt 00:00:11]}
34... Rb8 {[%clk 00:00:22]} 35. Ra7 {[%clk 00:15:02]} 35... Rb1+ {
[%clk 00:00:21]  [%emt 00:00:07]} 36. Kh2 {[%clk 00:15:05]  [%emt 00:00:04]}
36... Rb4 {[%clk 00:00:22]  [%emt 00:00:04]} 37. c5 {[%clk 00:15:08]} 37... Rc4
{[%clk 00:00:25]  [%emt 00:00:06]} 38. c6 {[%clk 00:14:59]  [%emt 00:00:07]}
38... Rxc6 {[%clk 00:00:23]  [%emt 00:00:20]} 39. Rxa4 {[%clk 00:15:03]} 39...
Kf7 {[%clk 00:00:27]  [%emt 00:00:08]} 40. Ra7+ {[%clk 00:15:04]} 40... Kg6 {
[%clk 00:00:30]} 41. g4 {[%clk 00:15:08]} 41... Rc3 {
[%clk 00:00:21]  [%emt 00:00:09]} 42. a4 {[%clk 00:15:00]  [%emt 00:00:06]}
42... Ra3 {[%clk 00:00:24]  [%emt 00:00:35]} 43. a5 {[%clk 00:15:01]} 43... h5
{[%clk 00:00:15]  [%emt 00:00:03]} 44. gxh5+ {[%clk 00:14:36]  [%emt 00:00:11]}
44... Kxh5 {[%clk 00:00:19]  [%emt 00:00:09]} 45. a6 {[%clk 00:14:40]} 45... g6
{[%clk 00:00:17]  [%emt 00:00:04]} 46. Rh7+ {[%clk 00:14:29]  [%emt 00:00:12]}
46... Kg5 {[%clk 00:00:21]  [%emt 00:00:09]} 47. a7 {[%clk 00:14:33]} 47... f5
{[%clk 00:00:09]  [%emt 00:00:10]} 48. g3 {[%clk 00:14:22]  [%emt 00:00:36]}
48... e4 {[%clk 00:00:09]  [%emt 00:00:04]} 49. fxe4 fxe4 {[%clk 00:00:13]} 50.
Kg2 {[%clk 00:14:25]} 50... Ra2+ {[%clk 00:00:15]} 51. Kf1 {
[%clk 00:14:29]  [%emt 00:00:04]} 51... Kg4 {[%clk 00:00:12]  [%emt 00:00:03]}
52. Rg7 {[%clk 00:12:19]  [%emt 00:02:13]} 52... Kf3 {
[%clk 00:00:16]  [%emt 00:00:04]} 53. Ke1 {[%clk 00:12:23]} 53... e3 {
[%clk 00:00:17]  [%emt 00:00:04]} 54. Rf7+ {[%clk 00:12:19]  [%emt 00:00:09]}
54... Kxg3 {[%clk 00:00:20]  [%emt 00:00:04]} 55. Rg7 {[%clk 00:12:23]} 55...
Kf3 {[%clk 00:00:16]  [%emt 00:00:07]} 56. Rf7+ {
[%clk 00:12:26]  [%emt 00:00:04]} 56... Ke4 {[%clk 00:00:17]  [%emt 00:00:04]}
57. Re7+ {[%clk 00:12:26]  [%emt 00:00:07]} 57... Kd3 {[%clk 00:00:21]} 58.
Rd7+ {[%clk 00:12:29]  [%emt 00:00:04]} 58... Ke4 {
[%clk 00:00:12]  [%emt 00:00:06]} 59. Re7+ {[%clk 00:12:29]  [%emt 00:00:17]}
59... Kd4 {[%clk 00:00:14]} 60. Rd7+ {[%clk 00:12:28]  [%emt 00:00:03]} 60...
Kc5 {[%clk 00:00:16]} 61. Re7 {[%clk 00:12:25]  [%emt 00:00:05]} 61... Kd4 {
[%clk 00:00:11]  [%emt 00:00:13]} 62. Rd7+ {[%clk 00:12:28]  [%emt 00:00:03]}
62... Kc5 {[%clk 00:00:11]  [%emt 00:00:04]} 63. Re7 {
[%clk 00:12:30]  [%emt 00:00:04]} 63... e2 {[%clk 00:00:14]  [%emt 00:00:08]}
64. Rg7 {[%clk 00:12:18]  [%emt 00:00:08]} 64... Kd4 {
[%clk 00:00:10]  [%emt 00:00:08]} 65. Rxg6 {[%clk 00:12:06]  [%emt 00:00:39]}
65... Rxa7 {[%clk 00:00:12]} 66. Kxe2 {[%clk 00:12:09]} 66... Ra2+ 1/2-1/2

[Event "Campeonatos de Espana Universitarios 20"]
[Site "Universidad de Alicante, Spai"]
[Date "2019.04.10"]
[Round "7.1"]
[White "Suarez Gomez, Julio"]
[Black "Sanchez Saez, Francisco"]
[Result "1/2-1/2"]
[WhiteElo "2449"]
[BlackElo "2332"]
[PlyCount "148"]
[EventDate "2019.??.??"]

1. d4 {[%clk 00:40:07]} 1... Nf6 {[%clk 00:40:06]  [%emt 00:00:07]} 2. Nf3 {
[%clk 00:40:09]  [%emt 00:00:03]} 2... g6 {[%clk 00:40:08]} 3. g3 {
[%clk 00:40:12]  [%emt 00:00:03]} 3... Bg7 {[%clk 00:40:11]} 4. Bg2 {
[%clk 00:40:12]  [%emt 00:00:18]} 4... O-O {[%clk 00:40:12]} 5. O-O {
[%clk 00:40:14]} 5... d6 {[%clk 00:39:59]  [%emt 00:00:10]} 6. Nc3 {
[%clk 00:40:13]  [%emt 00:00:22]} 6... Nc6 {[%clk 00:40:02]} 7. h3 {
[%clk 00:39:17]  [%emt 00:00:47]} 7... e5 {[%clk 00:39:56]  [%emt 00:00:13]} 8.
dxe5 {[%clk 00:39:20]  [%emt 00:00:03]} 8... dxe5 {
[%clk 00:39:35]  [%emt 00:00:22]} 9. Bg5 {[%clk 00:38:16]  [%emt 00:01:09]}
9... h6 {[%clk 00:36:28]  [%emt 00:03:13]} 10. Be3 {
[%clk 00:36:25]  [%emt 00:01:56]} 10... Qe7 {[%clk 00:36:04]  [%emt 00:00:29]}
11. Qc1 {[%clk 00:32:47]  [%emt 00:03:43]} 11... Kh7 {
[%clk 00:35:39]  [%emt 00:00:39]} 12. Rd1 {[%clk 00:32:07]  [%emt 00:00:35]}
12... Be6 {[%clk 00:32:46]  [%emt 00:02:58]} 13. g4 {
[%clk 00:32:07]  [%emt 00:00:27]} 13... Rfd8 {[%clk 00:23:26]  [%emt 00:09:03]}
14. Rxd8 {[%clk 00:31:42]  [%emt 00:00:42]} 14... Rxd8 {
[%clk 00:23:06]  [%emt 00:00:14]} 15. g5 {[%clk 00:31:40]  [%emt 00:00:08]}
15... hxg5 {[%clk 00:23:00]  [%emt 00:00:25]} 16. Nxg5+ {[%clk 00:31:39]} 16...
Kg8 {[%clk 00:23:03]} 17. Nxe6 {[%clk 00:28:32]  [%emt 00:03:04]} 17... Qxe6 {
[%clk 00:23:06]  [%emt 00:00:24]} 18. Bg5 {[%clk 00:28:29]  [%emt 00:00:03]}
18... Rd7 {[%clk 00:20:21]  [%emt 00:02:56]} 19. Qe3 {
[%clk 00:26:03]  [%emt 00:02:09]} 19... Nd4 {[%clk 00:19:57]  [%emt 00:00:27]}
20. Rc1 {[%clk 00:24:15]  [%emt 00:01:53]} 20... Nh5 {
[%clk 00:19:18]  [%emt 00:00:44]} 21. Bxb7 {[%clk 00:21:51]  [%emt 00:02:29]}
21... f6 {[%clk 00:18:41]  [%emt 00:00:44]} 22. Bh4 {
[%clk 00:18:29]  [%emt 00:03:26]} 22... Nf4 {[%clk 00:17:56]  [%emt 00:00:53]}
23. Bc8 {[%clk 00:13:21]  [%emt 00:05:10]} 23... Qc6 {
[%clk 00:12:15]  [%emt 00:05:46]} 24. Qe4 {[%clk 00:12:31]  [%emt 00:00:58]}
24... Ndxe2+ {[%clk 00:10:23]  [%emt 00:01:54]} 25. Kf1 {
[%clk 00:12:21]  [%emt 00:00:34]} 25... Qxe4 {[%clk 00:09:58]  [%emt 00:00:19]}
26. Nxe4 {[%clk 00:12:25]} 26... Rd8 {[%clk 00:10:01]} 27. Be6+ {
[%clk 00:12:27]} 27... Kf8 {[%clk 00:08:10]  [%emt 00:01:54]} 28. Re1 {
[%clk 00:12:30]  [%emt 00:00:10]} 28... g5 {[%clk 00:07:54]  [%emt 00:00:13]}
29. Bc4 {[%clk 00:11:34]  [%emt 00:01:01]} 29... Nd4 {
[%clk 00:05:56]  [%emt 00:02:03]} 30. Bg3 {[%clk 00:11:37]  [%emt 00:00:15]}
30... Nf3 {[%clk 00:05:31]  [%emt 00:00:17]} 31. Rc1 {
[%clk 00:11:15]  [%emt 00:00:30]} 31... f5 {[%clk 00:04:27]  [%emt 00:01:08]}
32. Bxf4 {[%clk 00:10:46]  [%emt 00:00:45]} 32... exf4 {
[%clk 00:04:23]  [%emt 00:00:03]} 33. Nc5 {[%clk 00:10:45]  [%emt 00:00:03]}
33... Bxb2 {[%clk 00:03:42]  [%emt 00:00:42]} 34. Ne6+ {
[%clk 00:10:06]  [%emt 00:00:43]} 34... Ke7 {[%clk 00:02:54]  [%emt 00:00:53]}
35. Nxd8 {[%clk 00:09:01]  [%emt 00:01:12]} 35... Bxc1 {
[%clk 00:02:55]  [%emt 00:00:05]} 36. Nc6+ {[%clk 00:08:45]  [%emt 00:00:19]}
36... Kd6 {[%clk 00:02:58]  [%emt 00:00:09]} 37. Ke2 {
[%clk 00:08:33]  [%emt 00:00:10]} 37... Ng1+ {[%clk 00:02:29]  [%emt 00:00:38]}
38. Kf1 {[%clk 00:08:35]  [%emt 00:00:03]} 38... Nxh3 {
[%clk 00:02:25]  [%emt 00:00:04]} 39. Nxa7 {[%clk 00:08:21]  [%emt 00:00:19]}
39... Bb2 {[%clk 00:01:08]  [%emt 00:01:55]} 40. Nb5+ {
[%clk 00:07:15]  [%emt 00:00:39]} 40... Kc5 {[%clk 00:00:44]  [%emt 00:00:31]}
41. Bd3 {[%clk 00:07:15]  [%emt 00:00:05]} 41... Be5 {
[%clk 00:00:31]  [%emt 00:00:14]} 42. Bxf5 {[%clk 00:06:09]  [%emt 00:01:15]}
42... Nxf2 {[%clk 00:00:29]  [%emt 00:00:07]} 43. Kxf2 {
[%clk 00:05:44]  [%emt 00:00:30]} 43... Kxb5 {[%clk 00:00:32]  [%emt 00:00:04]}
44. Kf3 {[%clk 00:05:44]  [%emt 00:00:04]} 44... Kb4 {
[%clk 00:00:31]  [%emt 00:00:06]} 45. Ke4 {[%clk 00:05:17]  [%emt 00:01:10]}
45... Bf6 {[%clk 00:00:31]} 46. Be6 {[%clk 00:05:00]} 46... Be7 {
[%clk 00:00:30]} 47. Kf3 {[%clk 00:04:22]  [%emt 00:00:35]} 47... c5 {
[%clk 00:00:26]  [%emt 00:00:11]} 48. c4 {[%clk 00:03:30]  [%emt 00:00:55]}
48... Ka3 {[%clk 00:00:25]  [%emt 00:00:13]} 49. Ke4 {[%clk 00:03:34]} 49...
Kxa2 {[%clk 00:00:27]} 50. Bg4 {[%clk 00:03:36]  [%emt 00:00:03]} 50... Kb3 {
[%clk 00:00:27]  [%emt 00:00:07]} 51. Kd3 {[%clk 00:03:39]} 51... Bf6 {
[%clk 00:00:27]  [%emt 00:00:05]} 52. Bf3 {[%clk 00:03:43]  [%emt 00:00:04]}
52... Bd4 {[%clk 00:00:28]  [%emt 00:00:06]} 53. Bg4 {[%clk 00:03:47]} 53...
Kb4 {[%clk 00:00:25]  [%emt 00:00:04]} 54. Bf3 {
[%clk 00:03:50]  [%emt 00:00:04]} 54... Ka5 {[%clk 00:00:29]} 55. Bg4 {
[%clk 00:03:54]} 55... Kb6 {[%clk 00:00:33]  [%emt 00:00:05]} 56. Bf3 {
[%clk 00:03:54]  [%emt 00:00:04]} 56... Kc7 {[%clk 00:00:37]} 57. Bg4 {
[%clk 00:03:56]  [%emt 00:00:04]} 57... Kd6 {[%clk 00:00:41]} 58. Ke4 {
[%clk 00:03:59]} 58... Be3 {[%clk 00:00:31]  [%emt 00:00:12]} 59. Bf3 {
[%clk 00:03:56]  [%emt 00:00:24]} 59... Ke6 {[%clk 00:00:33]  [%emt 00:00:06]}
60. Bg4+ {[%clk 00:03:58]} 60... Kf6 {[%clk 00:00:37]} 61. Bh5 {
[%clk 00:03:47]  [%emt 00:00:09]} 61... Bg1 {[%clk 00:00:37]  [%emt 00:00:04]}
62. Bg4 {[%clk 00:03:44]  [%emt 00:00:04]} 62... Kg6 {
[%clk 00:00:38]  [%emt 00:00:03]} 63. Kf3 {[%clk 00:03:34]  [%emt 00:00:14]}
63... Kf6 {[%clk 00:00:36]  [%emt 00:00:06]} 64. Ke4 {[%clk 00:03:38]} 64...
Bf2 {[%clk 00:00:39]  [%emt 00:00:17]} 65. Bh5 {[%clk 00:03:38]} 65... Bd4 {
[%clk 00:00:33]  [%emt 00:00:05]} 66. Bg4 {[%clk 00:03:40]  [%emt 00:00:08]}
66... Be3 {[%clk 00:00:34]} 67. Bh5 {[%clk 00:03:41]  [%emt 00:00:08]} 67... g4
{[%clk 00:00:17]  [%emt 00:00:15]} 68. Bxg4 {[%clk 00:03:43]  [%emt 00:00:21]}
68... Kg5 {[%clk 00:00:21]} 69. Be6 {[%clk 00:03:40]  [%emt 00:00:10]} 69...
Kh4 {[%clk 00:00:24]} 70. Kf3 {[%clk 00:03:44]} 70... Kg5 {[%clk 00:00:27]} 71.
Bd5 {[%clk 00:03:48]} 71... Kf5 {[%clk 00:00:31]} 72. Bg8 {[%clk 00:03:52]}
72... Ke5 {[%clk 00:00:35]} 73. Bd5 {[%clk 00:03:56]  [%emt 00:00:03]} 73...
Kd4 {[%clk 00:00:39]} 74. Bg8 {[%clk 00:03:59]} 74... Ke5 {[%emt 00:00:35]}
1/2-1/2

[Event "Campeonatos de Espana Universitarios 20"]
[Site "Universidad de Alicante, Spai"]
[Date "2019.04.10"]
[Round "7.2"]
[White "Alshameary Puente, Ismael"]
[Black "Gomez Dieguez, Adrian"]
[Result "0-1"]
[WhiteElo "2425"]
[BlackElo "2304"]
[PlyCount "94"]
[EventDate "2019.??.??"]

1. d4 {[%clk 00:39:38]  [%emt 00:00:22]} 1... Nf6 {
[%clk 00:40:06]  [%emt 00:00:07]} 2. c4 {[%clk 00:39:42]} 2... e5 {
[%clk 00:40:07]  [%emt 00:00:03]} 3. dxe5 {[%clk 00:39:40]  [%emt 00:00:06]}
3... Ng4 {[%clk 00:40:09]  [%emt 00:00:03]} 4. Bf4 {
[%clk 00:39:29]  [%emt 00:00:14]} 4... g5 {[%clk 00:40:10]  [%emt 00:00:09]} 5.
Bg3 {[%clk 00:39:29]  [%emt 00:00:06]} 5... Bg7 {[%clk 00:40:10]} 6. Nf3 {
[%clk 00:38:45]  [%emt 00:00:50]} 6... Nc6 {[%clk 00:40:10]  [%emt 00:00:06]}
7. h4 {[%clk 00:36:21]  [%emt 00:02:27]} 7... Ngxe5 {
[%clk 00:39:42]  [%emt 00:00:32]} 8. Nxg5 {[%clk 00:30:31]  [%emt 00:05:54]}
8... h6 {[%clk 00:39:20]  [%emt 00:00:39]} 9. Ne4 {
[%clk 00:29:46]  [%emt 00:01:02]} 9... Nxc4 {[%clk 00:39:12]} 10. Nbc3 {
[%clk 00:29:43]} 10... Nxb2 {[%clk 00:29:30]  [%emt 00:09:54]} 11. Qb3 {
[%clk 00:27:22]  [%emt 00:02:17]} 11... d5 {[%clk 00:29:23]  [%emt 00:00:11]}
12. Qxd5 {[%clk 00:18:08]  [%emt 00:09:19]} 12... f5 {
[%clk 00:20:03]  [%emt 00:09:25]} 13. Qb3 {[%clk 00:16:50]  [%emt 00:01:23]}
13... fxe4 {[%clk 00:20:03]  [%emt 00:00:24]} 14. Qxb2 {[%clk 00:16:53]} 14...
e3 {[%clk 00:19:44]  [%emt 00:00:09]} 15. Rd1 {[%clk 00:15:40]  [%emt 00:01:16]
} 15... Qf6 {[%clk 00:15:55]  [%emt 00:03:59]} 16. Rd3 {
[%clk 00:15:43]  [%emt 00:00:03]} 16... O-O {[%clk 00:14:41]  [%emt 00:01:12]}
17. Rxe3 {[%clk 00:15:15]  [%emt 00:00:34]} 17... Bf5 {
[%clk 00:14:42]  [%emt 00:00:15]} 18. Qc1 {[%clk 00:11:44]  [%emt 00:03:27]}
18... Kh8 {[%clk 00:11:42]  [%emt 00:03:02]} 19. Bxc7 {
[%clk 00:09:35]  [%emt 00:02:15]} 19... Rac8 {[%clk 00:10:41]  [%emt 00:01:08]}
20. g4 {[%clk 00:09:38]  [%emt 00:00:04]} 20... Bh7 {
[%clk 00:09:18]  [%emt 00:01:37]} 21. Rf3 {[%clk 00:07:38]  [%emt 00:01:53]}
21... Qd4 {[%clk 00:09:08]  [%emt 00:00:17]} 22. Rxf8+ {
[%clk 00:06:48]  [%emt 00:00:52]} 22... Rxf8 {[%clk 00:09:08]  [%emt 00:00:34]}
23. Nd1 {[%clk 00:06:50]} 23... Nb4 {[%clk 00:07:07]  [%emt 00:01:43]} 24. Bh3
{[%clk 00:06:18]  [%emt 00:00:34]} 24... Nc2+ {[%clk 00:04:07]  [%emt 00:03:09]
} 25. Kf1 {[%clk 00:06:19]  [%emt 00:00:03]} 25... Qe4 {
[%clk 00:02:06]  [%emt 00:02:17]} 26. Bg2 {[%clk 00:04:40]  [%emt 00:01:29]}
26... Qxg4 {[%clk 00:01:56]  [%emt 00:00:15]} 27. Bd6 {
[%clk 00:03:36]  [%emt 00:01:12]} 27... Re8 {[%clk 00:01:49]  [%emt 00:00:32]}
28. Bf3 {[%clk 00:03:38]  [%emt 00:00:04]} 28... Qe6 {
[%clk 00:01:34]  [%emt 00:00:03]} 29. Bf4 {[%clk 00:03:32]  [%emt 00:00:06]}
29... Nd4 {[%clk 00:01:39]  [%emt 00:00:12]} 30. Bh5 {
[%clk 00:01:40]  [%emt 00:01:44]} 30... Nxe2 {[%clk 00:01:04]  [%emt 00:00:39]}
31. Qe3 {[%clk 00:00:52]  [%emt 00:00:56]} 31... Nxf4 {
[%clk 00:01:08]  [%emt 00:00:03]} 32. Qxf4 {[%clk 00:00:36]  [%emt 00:00:15]}
32... Rf8 {[%clk 00:01:03]  [%emt 00:00:13]} 33. Qe3 {
[%clk 00:00:32]  [%emt 00:00:08]} 33... Qxa2 {[%clk 00:01:06]  [%emt 00:00:33]}
34. Rg1 {[%clk 00:00:29]  [%emt 00:00:03]} 34... Qa1 {[%clk 00:00:54]} 35. Kg2
{[%clk 00:00:25]  [%emt 00:00:03]} 35... Qe5 {[%clk 00:00:55]  [%emt 00:00:03]}
36. Qxe5 Bxe5 {[%clk 00:01:00]} 37. Re1 {[%clk 00:00:24]  [%emt 00:00:32]}
37... Bf6 {[%clk 00:00:59]} 38. Bf3 {[%clk 00:00:19]} 38... b6 {[%clk 00:01:00]
} 39. h5 {[%clk 00:00:23]} 39... a5 {[%clk 00:01:04]} 40. Re6 {[%clk 00:00:26]}
40... b5 {[%clk 00:00:57]  [%emt 00:00:08]} 41. Ne3 {
[%clk 00:00:19]  [%emt 00:00:13]} 41... a4 {[%clk 00:00:56]  [%emt 00:00:04]}
42. Ra6 {[%clk 00:00:12]  [%emt 00:00:10]} 42... Bb2 {
[%clk 00:00:53]  [%emt 00:00:16]} 43. Bd5 {[%clk 00:00:11]  [%emt 00:00:04]}
43... a3 {[%clk 00:00:39]  [%emt 00:00:16]} 44. Rxh6 {
[%clk 00:00:10]  [%emt 00:00:05]} 44... Rf6 {[%clk 00:00:24]  [%emt 00:00:20]}
45. Rxf6 {[%clk 00:00:09]  [%emt 00:00:06]} 45... Bxf6 {[%clk 00:00:29]} 46.
Ng4 {[%clk 00:00:09]  [%emt 00:00:09]} 46... Bd4 {
[%clk 00:00:29]  [%emt 00:00:07]} 47. Kf3 {[%clk 00:00:11]  [%emt 00:00:03]}
47... Bg8 {[%clk 00:00:32]} 0-1